<?xml version="1.0" encoding="UTF-8"?>
<record
    xmlns:xsi="http://www.w3.org/2001/XMLSchema-instance"
    xsi:schemaLocation="http://www.loc.gov/MARC21/slim http://www.loc.gov/standards/marcxml/schema/MARC21slim.xsd"
    xmlns="http://www.loc.gov/MARC21/slim">

  <leader>03176cam a22004694i 4500</leader>
  <controlfield tag="003">PE-LiUPU</controlfield>
  <controlfield tag="005">20250731165425.0</controlfield>
  <controlfield tag="008">160202s2013    pe a   grm    000 0 spa d</controlfield>
  <datafield tag="035" ind1=" " ind2=" ">
    <subfield code="a">(Sirsi) a155869</subfield>
  </datafield>
  <datafield tag="040" ind1=" " ind2=" ">
    <subfield code="a">PE-LiUPU</subfield>
    <subfield code="b">spa</subfield>
    <subfield code="c">PE-LiUPU</subfield>
    <subfield code="e">rda</subfield>
  </datafield>
  <datafield tag="099" ind1=" " ind2=" ">
    <subfield code="a">TEF 2</subfield>
    <subfield code="b">Q73 2013</subfield>
  </datafield>
  <datafield tag="100" ind1="1" ind2=" ">
    <subfield code="a">Quispe Huam&#xE1;n, Dany Edyth</subfield>
    <subfield code="e">autor</subfield>
  </datafield>
  <datafield tag="245" ind1="1" ind2=" ">
    <subfield code="a">Conocimientos y pr&#xE1;cticas de la actividad f&#xED;sica como estilo de vida saludable de enfermeras(os) del Hospital II Cl&#xED;nica Geri&#xE1;trica San Isidro Labrador, Lima 2013 /</subfield>
    <subfield code="c">Dany Edyth Quispe Huam&#xE1;n.</subfield>
  </datafield>
  <datafield tag="264" ind1=" " ind2="0">
    <subfield code="c">2013.</subfield>
  </datafield>
  <datafield tag="300" ind1=" " ind2=" ">
    <subfield code="a">86 hojas : </subfield>
    <subfield code="b">ilustraciones;</subfield>
    <subfield code="c">30 cm</subfield>
  </datafield>
  <datafield tag="336" ind1=" " ind2=" ">
    <subfield code="a">text</subfield>
    <subfield code="2">rdacontent</subfield>
  </datafield>
  <datafield tag="337" ind1=" " ind2=" ">
    <subfield code="a">unmediated</subfield>
    <subfield code="2">rdamedia</subfield>
  </datafield>
  <datafield tag="338" ind1=" " ind2=" ">
    <subfield code="a">volume</subfield>
    <subfield code="2">rdacarrier</subfield>
  </datafield>
  <datafield tag="502" ind1=" " ind2=" ">
    <subfield code="a">Tesis</subfield>
    <subfield code="b">(Lic.) -- </subfield>
    <subfield code="c">Universidad Peruana Uni&#xF3;n,</subfield>
    <subfield code="d">2013.</subfield>
  </datafield>
  <datafield tag="504" ind1=" " ind2=" ">
    <subfield code="a">Incluye referencias</subfield>
  </datafield>
  <datafield tag="520" ind1="3" ind2=" ">
    <subfield code="a">El presente trabajo de investigaci&#xF3;n es cuantitativo, de corte transversal y dise&#xF1;o descriptivo correlacional. Se realiz&#xF3; con el objetivo de determinar la relaci&#xF3;n entre el nivel de conocimiento y la pr&#xE1;ctica de la actividad f&#xED;sica como estilo de vida saludable en enfermeros que laboran en el servicio de hospitalizaci&#xF3;n del Hospital II Cl&#xED;nica Geri&#xE1;trica San Isidro Labrador, Lima 2013, con una muestra de 20 Licenciados en enfermer&#xED;a. La metodolog&#xED;a: se utiliz&#xF3; dos instrumentos para la recolecci&#xF3;n de datos: el cuestionario de conocimientos sobre  actividad f&#xED;sica como estilo de vida saludable, aplicados a 20 Licenciados(as) de enfermer&#xED;a como muestra de los diferentes servicios. Los datos fueron procesados con el software SPSS versi&#xF3;n 20.0 en espa&#xF1;ol. Para establecer la relaci&#xF3;n entre conocimientos y pr&#xE1;cticas se aplic&#xF3;  la correlaci&#xF3;n de Pearsson, con el 95% de confiabilidad y un nivel de significancia de x=0.05. Los resultados muestran, del grupo de licenciados en enfermer&#xED;a con excelente conocimiento el 20% tienen pr&#xE1;cticas saludables y el 10% pr&#xE1;cticas muy saludables, asimismo del grupo que tienen buenos conocimientos el 45% tienen pr&#xE1;cticas saludables, el 15% pr&#xE1;cticas muy saludables y el 5% tiene pr&#xE1;cticas poco saludables mientras que del grupo que tiene regular conocimiento el 5% tiene pr&#xE1;cticas poco saludables. Las conclusiones del estudio determinan, a un nivel de significancia del 5% existe correlaci&#xF3;n directa y significativa entre el nivel de conocimieno y la pr&#xE1;ctica de actividad f&#xED;sica como estidlo de vida saludable de participantes del estudio, es decir, a mayor conocimiento mayor pr&#xE1;ctica y menor conocimiento menor pr&#xE1;ctica.</subfield>
  </datafield>
  <datafield tag="526" ind1=" " ind2=" ">
    <subfield code="a">SEG44</subfield>
  </datafield>
  <datafield tag="526" ind1=" " ind2=" ">
    <subfield code="a">SEG26</subfield>
  </datafield>
  <datafield tag="526" ind1=" " ind2=" ">
    <subfield code="a">P151</subfield>
  </datafield>
  <datafield tag="526" ind1=" " ind2=" ">
    <subfield code="a">P150</subfield>
  </datafield>
  <datafield tag="526" ind1=" " ind2=" ">
    <subfield code="a">P149</subfield>
  </datafield>
  <datafield tag="526" ind1=" " ind2=" ">
    <subfield code="a">P146</subfield>
  </datafield>
  <datafield tag="526" ind1=" " ind2=" ">
    <subfield code="a">P145</subfield>
  </datafield>
  <datafield tag="526" ind1=" " ind2=" ">
    <subfield code="a">P126</subfield>
  </datafield>
  <datafield tag="526" ind1=" " ind2=" ">
    <subfield code="a">P125</subfield>
  </datafield>
  <datafield tag="526" ind1=" " ind2=" ">
    <subfield code="a">P92</subfield>
  </datafield>
  <datafield tag="526" ind1=" " ind2=" ">
    <subfield code="a">P75</subfield>
  </datafield>
  <datafield tag="526" ind1=" " ind2=" ">
    <subfield code="a">P74</subfield>
  </datafield>
  <datafield tag="526" ind1=" " ind2=" ">
    <subfield code="a">P27</subfield>
  </datafield>
  <datafield tag="526" ind1=" " ind2=" ">
    <subfield code="a">P15</subfield>
  </datafield>
  <datafield tag="650" ind1="0" ind2="4">
    <subfield code="a">Enfermeras</subfield>
    <subfield code="x">Calidad de vida</subfield>
    <subfield code="v">Tesis.</subfield>
  </datafield>
  <datafield tag="650" ind1="0" ind2="4">
    <subfield code="a">Estilo de vida sostenible.</subfield>
  </datafield>
  <datafield tag="700" ind1="1" ind2=" ">
    <subfield code="a">Quispe Huam&#xE1;n, Fanny Zeluma</subfield>
    <subfield code="e">utor</subfield>
  </datafield>
  <datafield tag="596" ind1=" " ind2=" ">
    <subfield code="a">1</subfield>
  </datafield>
  <datafield tag="942" ind1=" " ind2=" ">
    <subfield code="2">ddc</subfield>
    <subfield code="c">TESIS</subfield>
  </datafield>
  <datafield tag="999" ind1=" " ind2=" ">
    <subfield code="a">TEF 2 Q73 2013</subfield>
    <subfield code="w">ALPHANUM</subfield>
    <subfield code="c">8545</subfield>
    <subfield code="i">T01398</subfield>
    <subfield code="l">CCODEBUL3</subfield>
    <subfield code="m">BUL</subfield>
    <subfield code="r">1</subfield>
    <subfield code="s">Y</subfield>
    <subfield code="t">TESIS</subfield>
    <subfield code="u">2016-2-2</subfield>
    <subfield code="x">SALUD</subfield>
    <subfield code="P">P22</subfield>
    <subfield code="o">.STAFF. Tesis</subfield>
    <subfield code="d">8545</subfield>
  </datafield>
  <datafield tag="980" ind1=" " ind2=" ">
    <subfield code="8">1</subfield>
    <subfield code="g">ALBERTO SANCHEZ Responsable de Automatizaci&#xF3;n</subfield>
  </datafield>
  <datafield tag="952" ind1=" " ind2=" ">
    <subfield code="r">2022-07-06 00:00:00</subfield>
    <subfield code="l">0</subfield>
    <subfield code="o">TEF 2 Q73 2013</subfield>
    <subfield code="p">T01398</subfield>
    <subfield code="t">e1</subfield>
    <subfield code="w">2016-02-02</subfield>
    <subfield code="x">FCS</subfield>
    <subfield code="y">TESIS</subfield>
    <subfield code="z">Este &#xCD;tem NO se presta por ser Ejemplar #1.</subfield>
    <subfield code="1">0</subfield>
    <subfield code="2">ddc</subfield>
    <subfield code="7">1</subfield>
    <subfield code="8">TESIS</subfield>
    <subfield code="f">P22</subfield>
    <subfield code="a">BUL</subfield>
    <subfield code="b">BUL</subfield>
    <subfield code="c">TESIS</subfield>
    <subfield code="d">2016-02-02</subfield>
  </datafield>
</record>
